LIBRARY & INFORMATION CENTRE, KCAET, TAVANUR

ONLINE PUBLIC ACCESS CATALOGUE (OPAC)

Kannuneer thulli / (Record no. 4959)

MARC details
000 -LEADER
fixed length control field 00456cam a2200169ua 4500
041 ## - LANGUAGE CODE
Language code of text/sound track or separate title mal
082 ## - DEWEY DECIMAL CLASSIFICATION NUMBER
Classification number 894.8121
Item number NAA/KA
100 ## - MAIN ENTRY--AUTHOR NAME
Personal name Narayana Menon, Nalappattu .
245 ## - TITLE STATEMENT
Title Kannuneer thulli /
260 ## - PUBLICATION, DISTRIBUTION, ETC. (IMPRINT)
Place of publication Calicut :
Name of publisher Mathrubhumi Printing & Publishing Companty Ltd ,
Year of publication 1955.
300 ## - PHYSICAL DESCRIPTION
Number of Pages 47 ; .
942 ## - ADDED ENTRY ELEMENTS (KOHA)
Koha item type Books
Holdings
Withdrawn status Lost status Damaged status Home library Current library Date acquired Full call number Accession Number Koha item type
      KAUAET KAUAET 07/04/2012 894.8121 5728 Books
free website counter